Statistiques concernant Les noms de familles les plus fréquents aux États-Unis (1990)

Cliquez ici pour prendre le quiz!

Statistiques générales

  • Ce quiz a été pris 238 fois
  • Le résultat moyen est 3 sur 10

Statistiques - réponses

HintRéponse% Correct
1SMITH
81%
2JOHNSON
63%
4JONES
27%
3WILLIAMS
21%
5BROWN
19%
10TAYLOR
16%
7MILLER
14%
8WILSON
13%
6DAVIS
11%
9MOORE
8%

Distribution des résultats

Percentile par nombre de réponses

% des personnes avec chaque résultat

Votre développement - résultats

Vous n’avez pas pris ce quiz